000 01274nam0a22002891 4500
001 rc\4247815
005 20250611143156.0
021 _aRU
_b69-57880
021 _aRU
_bРг1407-69
035 _a(NLR Aleph) 008233057
090 _a8229147
_c8229147
100 _a20130416d1968 |||y0rusy50 ca
101 0 _arus
102 _aRU
105 _aa c |||||
200 1 _aМетодические указания по учету засоленных почв
_eПроект
_fМ-во мелиорации и водного хоз-ва СССР. Главводпроект. Почвенный ин-т им. В.В. Докучаева. ВАСХНИЛ. Всесоюз. гос. проектно-изыскательский и науч.-исслед. ин-т. Гипроводхоз
210 _aМосква
_cБ. и.
_d1968
215 _a92 с.
_cил.
_d25
300 _aОтпеч. множит. аппаратом
320 _aБиблиогр.: с. 89-91
700 1 _7ca
_8rus
_aБазилевич
_bН. И.
_f1910-1997
_gНаталья Ивановна
_9150620
_3RU\NLR\AUTH\770150657
701 1 _aПанкова
_bЕ.И.
_gЕвгения Ивановна
801 0 _aRU
_bNLR
_gpsbo
801 1 _aRU
_bELAR
_2rusmarc
852 _aNLR
_j69-7/171
942 _cBOOK
980 _aNB